000 00752nam a22002417a 4500
003 DO-SdBNP
005 20231006131513.0
008 180215b xxu||||| |||| 00| 0 spa d
020 _a0875963676
040 _aBPMSU
_bspa
_cBPMSU
082 4 _aR613.0424
_bE56s
_222
245 0 0 _aEnciclopedia de la salud y el bienestar de la mujer /
_6editoras Denise Foley Nechas, Eileen.
260 _aPensylvania :
_bRodale Press,
_c[190-]
300 _a639 p.
_c25 cm
490 0 _3De mujer a mujer
590 _aInventariado, 2023/VM
650 4 _aSalud de la mujer
650 4 _aMujeres
_xSalud mental
_vEnciclopedias
700 1 _a Nechas, Eileen.
700 1 _aFoley, Denise
910 _aVMateo V. Control de calidad BPMSU
942 _2ddc
_cBK
999 _c13301
_d13301